Jazyková, odborná a interkultúrna charakteristika odborného textu diplomacie

Niektoré aspekty odborného jazyka. Diplomatický text a jeho charakteristické črty. Multikulturalita a transkulturalita v súčasnom období globalizácie.

Gespeichert in:
Bibliographische Detailangaben
1. Verfasser: Adamcová, Silvia, 1984-
Format: Buchkapitel
Sprache:Slowakisch
Schlagworte:
Tags: Tag hinzufügen
Keine Tags, Fügen Sie das erste Tag hinzu!

MARC

LEADER 00000nla$a2200000$$$4500
001 0120414
005 20240502072343.1
041 0 |a slo 
044 |a SK 
245 1 0 |a Jazyková, odborná a interkultúrna charakteristika odborného textu diplomacie  |c Silvia Adamcová 
520 |a Niektoré aspekty odborného jazyka. Diplomatický text a jeho charakteristické črty. Multikulturalita a transkulturalita v súčasnom období globalizácie. 
610 2 0 |a jazyk štátny 
610 2 0 |a jazyky cudzie 
610 2 0 |a diplomacia 
610 2 0 |a komunikácia multikultúrna 
100 1 |a Adamcová, Silvia, 1984-